Les villes françaises se terminant par "ac" - Statistiques

Statistiques générales
  • Ce quiz a été pris 219 fois
  • Le résultat moyen est 6 sur 15
Statistiques - réponses
Indice Ville % Correct
24 Bergerac
74%
15 Aurillac
68%
16 Cognac
68%
33 Merignac
60%
56 Carnac
57%
31 Blagnac
52%
33 Pessac
52%
46 Figeac
47%
81 Gaillac
32%
82 Moissac
27%
46 Souillac
18%
22 Loudeac
16%
33 Floirac
11%
19 Ussac
6%
56 Kervignac
3%
Aucun quiz correspondant
Distribution des résultats
% des personnes avec chaque résultat
Percentile par nombre de réponses
Votre historique - résultats
Vous n’avez pas pris ce quiz